[Event "IECG CN.2001.0.00252"]
[Site "IECG email"]
[Date "2001.06.26"]
[Round "?"]
[White "Tausworthe, Bob"]
[Black "Buchrnhornen, Wim"]
[Result "1/2-1/2"]
[WhiteElo "800"]
[BlackElo "800"]
[PlyCount "87"]
[EventDate "2001.06.26"]
[EventType "tourn (corr)"]
[EventRounds "6"]
[SourceTitle "Corr 2008"]
[Source "ChessBase"]
[SourceDate "2008.06.24"]
[SourceVersion "1"]
[SourceVersionDate "2008.06.24"]
[SourceQuality "1"]

1. e4 e5 2. Nf3 Nf6 3. Nxe5 d6 4. Nf3 Nxe4 5. d4 d5 6. Bd3 Be7 7. 0-0 Nc6 8. Re1 Bg4 9. Bxe4 dxe4 10. Rxe4 Bxf3 11. Qxf3 Nxd4 12. Qd1 Ne6 13. Bd2 0-0 14. Nc3 c5 15. Qe2 Nd4 16. Qd3 f5 17. Re5 Bd6 18. Rd5 Qc7 19. Nb5 Nxb5 20. Qxb5 Bxh2+ 21. Kh1 Bd6 22. Rd1 Qe7 23. Bg5 Qxg5 24. Rxd6 b6 25. Rd7 Qh6+ 26. Kg1 Qe6 27. Qd3 Rf7 28. Rd6 Qe4 29. Qc3 Re8 30. f3 Qe2 31. a4 Rfe7 32. R6d2 Qe3+ 33. Qxe3 Rxe3 34. Kf2 c4 35. Rd8 Kf7 36. Rxe8 Rxe8 37. Rd4 c3 38. b3 Ke6 39. Rc4 g5 40. Rxc3 Kd6 41. Rd3+ Kc6 42. f4 gxf4 43. Rh3 Re7 44. Kf3 1/2-1/2

[Event "IECG CN.2001.0.00252"]
[Site "IECG email"]
[Date "2001.06.26"]
[Round "?"]
[White "Tausworthe, Bob"]
[Black "Frans, Alexander Ernest"]
[Result "1-0"]
[WhiteElo "800"]
[BlackElo "800"]
[PlyCount "79"]
[EventDate "2001.06.26"]
[EventType "tourn (corr)"]
[EventRounds "6"]
[SourceTitle "Corr 2008"]
[Source "ChessBase"]
[SourceDate "2008.06.24"]
[SourceVersion "1"]
[SourceVersionDate "2008.06.24"]
[SourceQuality "1"]

1. e4 c5 2. Nf3 d6 3. d4 cxd4 4. Nxd4 Nf6 5. Nc3 Nc6 6. Bg5 e6 7. Qd2 Be7 8. 0-0-0 0-0 9. Nb3 Ne8 10. Bxe7 Nxe7 11. f4 f5 12. e5 d5 13. h4 a5 14. Be2 Bd7 15. Nd4 Qb6 16. Bb5 Bxb5 17. Ncxb5 Rc8 18. h5 Nc7 19. Nd6 Rcd8 20. Qd3 Nc6 21. Kb1 Nxd4 22. Qxd4 Qxd4 23. Rxd4 b5 24. Rg1 Rb8 25. c3 Ne8 26. Re1 Rb6 27. Nc8 Rb7 28. a4 Nc7 29. Ne7+ Kf7 30. Nc6 Ra8 31. axb5 Nxb5 32. Rd3 Rc7 33. Nd4 Nxd4 34. Rxd4 a4 35. Ka2 Rb7 36. Rb1 g6 37. h6 Ke7 38. Rbd1 Kf7 39. c4 Rc8 40. cxd5 1-0

[Event "IECG CP.2000.P.00062"]
[Site "IECG email"]
[Date "2000.10.01"]
[Round "?"]
[White "Tausworthe, Bob"]
[Black "Mann, Derek"]
[Result "0-1"]
[WhiteElo "800"]
[BlackElo "1678"]
[PlyCount "48"]
[EventDate "2000.10.01"]
[EventType "tourn (corr)"]
[EventRounds "6"]
[EventCountry "EST"]
[SourceTitle "Corr 2008"]
[Source "ChessBase"]
[SourceDate "2008.06.24"]
[SourceVersion "1"]
[SourceVersionDate "2008.06.24"]
[SourceQuality "1"]

1. d4 g6 2. c4 Bg7 3. Nf3 c5 4. Nc3 cxd4 5. Nxd4 Nc6 6. e3 d6 7. f4 Nf6 8. Be2 0-0 9. c5 dxc5 10. Nxc6 Qxd1+ 11. Bxd1 bxc6 12. 0-0 Ba6 13. Re1 Rfd8 14. Bf3 Rab8 15. e4 Bd3 16. e5 Nd5 17. Nxd5 cxd5 18. b3 c4 19. Rd1 f6 20. Ba3 fxe5 21. Bxe7 e4 22. Bg4 Bd4+ 23. Kh1 Re8 24. Be6+ Kg7 0-1

[Event "IECG CP.2000.P.00062"]
[Site "IECG email"]
[Date "2000.10.01"]
[Round "?"]
[White "Tausworthe, Bob"]
[Black "Muller, Frank Roman"]
[Result "1-0"]
[WhiteElo "800"]
[BlackElo "1425"]
[PlyCount "63"]
[EventDate "2000.10.01"]
[EventType "tourn (corr)"]
[EventRounds "6"]
[EventCountry "EST"]
[SourceTitle "Corr 2008"]
[Source "ChessBase"]
[SourceDate "2008.06.24"]
[SourceVersion "1"]
[SourceVersionDate "2008.06.24"]
[SourceQuality "1"]

1. d4 d5 2. c4 c6 3. Nc3 Nf6 4. Bg5 e6 5. e3 Be7 6. Bd3 0-0 7. Nf3 Nbd7 8. Rc1 a6 9. h4 b5 10. cxb5 axb5 11. a3 Re8 12. e4 h6 13. e5 Nh7 14. Bxe7 Qxe7 15. Bxh7+ Kxh7 16. Ng5+ Kg8 17. f4 Nxe5 18. dxe5 hxg5 19. hxg5 g6 20. Qf3 Qf8 21. Ne2 c5 22. Qh3 Qg7 23. Rxc5 b4 24. Rc7 bxa3 25. bxa3 Ba6 26. Nd4 Bc4 27. Kf2 Ra4 28. Ra1 Qf8 29. Rh1 Qg7 30. Rb7 Ba2 31. Nxe6 Rxe6 32. Rb8+ 1-0

[Event "IECG CP.2000.P.00062"]
[Site "IECG email"]
[Date "2000.10.01"]
[Round "?"]
[White "Tausworthe, Bob"]
[Black "Schoenbuchner, Gerhard"]
[Result "0-1"]
[WhiteElo "800"]
[BlackElo "2019"]
[PlyCount "48"]
[EventDate "2000.10.01"]
[EventType "tourn (corr)"]
[EventRounds "6"]
[EventCountry "EST"]
[SourceTitle "Corr 2008"]
[Source "ChessBase"]
[SourceDate "2008.06.24"]
[SourceVersion "1"]
[SourceVersionDate "2008.06.24"]
[SourceQuality "1"]

1. e4 c5 2. Nf3 d6 3. d4 cxd4 4. Nxd4 Nf6 5. Nc3 a6 6. Bc4 e6 7. Bb3 b5 8. 0-0 Be7 9. a3 0-0 10. f4 Bb7 11. Qd3 Nbd7 12. f5 e5 13. Ne6 fxe6 14. Bxe6+ Kh8 15. b4 Rc8 16. Nd5 Nxd5 17. exd5 Rc4 18. Bb2 Qb6+ 19. Kh1 Nf6 20. Rad1 Ne4 21. Qe2 Bh4 22. Bd4 Rxd4 23. Rd3 Nf2+ 24. Rxf2 Rxd3 0-1